<?xml version='1.0' encoding='UTF-8'?>
  <record xmlns="http://www.loc.gov/MARC21/slim">
    <leader>00000cam a2200000 i 4500</leader>
    <controlfield tag="001">ocn902592121</controlfield>
    <controlfield tag="003">OCoLC</controlfield>
    <controlfield tag="005">20251104150136.8</controlfield>
    <controlfield tag="008">150129s19uu    be            000 0 ger d</controlfield>
    <datafield tag="040" ind1=" " ind2=" ">
      <subfield code="a">NLGGC</subfield>
      <subfield code="b">dut</subfield>
      <subfield code="e">fobidrtb</subfield>
      <subfield code="c">NLGGC</subfield>
      <subfield code="d">OCLCO</subfield>
      <subfield code="d">OCLCL</subfield>
      <subfield code="d">OCLCQ</subfield>
    </datafield>
    <datafield tag="035" ind1=" " ind2=" ">
      <subfield code="a">(OCoLC)902592121</subfield>
    </datafield>
    <datafield tag="100" ind1="1" ind2=" ">
      <subfield code="a">Herlitz, David,</subfield>
      <subfield code="d">1557-1636.</subfield>
      <subfield code="1">https://id.oclc.org/worldcat/entity/E39PBJfGRjcBjmhKDg8RYGGbVC</subfield>
    </datafield>
    <datafield tag="245" ind1="1" ind2="0">
      <subfield code="a">Genesis natalitia, oder Nativitet desz jetzigen regierenden Türckischen Keysers sultan Machomet genandt :</subfield>
      <subfield code="b">darin beschrieben: wie der Himmel und das Gestirn auff sein Geburts Tag gestanden und was für ein Bedeutung darausz zu schöpfen; sonderlich was sein Glück und Unglück sein werden wider das Römische Reich und vornehmlich die rechte reine und wahre Christliche Kirchen.</subfield>
    </datafield>
    <datafield tag="260" ind1=" " ind2=" ">
      <subfield code="a">[Antorff] :</subfield>
      <subfield code="b">gedruckt in Vorlegung Paul Brachfeldts,</subfield>
      <subfield code="c">[15]97.</subfield>
    </datafield>
    <datafield tag="300" ind1=" " ind2=" ">
      <subfield code="a">-- p. ;</subfield>
      <subfield code="c">19 cm.</subfield>
    </datafield>
    <datafield tag="336" ind1=" " ind2=" ">
      <subfield code="a">tekst</subfield>
      <subfield code="b">txt</subfield>
      <subfield code="2">rdacontent/dut</subfield>
    </datafield>
    <datafield tag="337" ind1=" " ind2=" ">
      <subfield code="a">zonder medium</subfield>
      <subfield code="b">n</subfield>
      <subfield code="2">rdamedia/dut</subfield>
    </datafield>
    <datafield tag="338" ind1=" " ind2=" ">
      <subfield code="a">band</subfield>
      <subfield code="b">nc</subfield>
      <subfield code="2">rdacarrier/dut</subfield>
    </datafield>
    <datafield tag="500" ind1=" " ind2=" ">
      <subfield code="a">Auteur is David Herlitz.</subfield>
    </datafield>
    <datafield tag="500" ind1=" " ind2=" ">
      <subfield code="a">Volgens Van Someren uitg. in Antwerpen.</subfield>
    </datafield>
    <datafield tag="500" ind1=" " ind2=" ">
      <subfield code="a">Op grond van impressum "Erster und ander Theil der astronomischen Schreiben" mede uitg. door Nikolaus Erben te Lich.</subfield>
    </datafield>
    <datafield tag="500" ind1=" " ind2=" ">
      <subfield code="a">Vervolg op: Erster und ander Theil der astronomischen Schreiben.</subfield>
    </datafield>
    <datafield tag="500" ind1=" " ind2=" ">
      <subfield code="a">Imprint: Gedruckt in Vorlegung Paul Brachfeldts, Anno 97.</subfield>
    </datafield>
    <datafield tag="500" ind1=" " ind2=" ">
      <subfield code="a">Collational formula: A-B:4.</subfield>
    </datafield>
    <datafield tag="500" ind1=" " ind2=" ">
      <subfield code="a">Illustrations: hoogdruk / letterpress).</subfield>
    </datafield>
    <datafield tag="510" ind1="0" ind2=" ">
      <subfield code="a">Van Someren 503</subfield>
    </datafield>
    <datafield tag="510" ind1="0" ind2=" ">
      <subfield code="a">VD 16.1, H 2325-2326</subfield>
    </datafield>
    <datafield tag="600" ind1="0" ind2="4">
      <subfield code="a">Mehmed</subfield>
      <subfield code="b">III,</subfield>
      <subfield code="d">1566-1603.</subfield>
    </datafield>
    <datafield tag="758" ind1=" " ind2=" ">
      <subfield code="a">Genesis natalitia, oder Nativitet desz jetzigen regierenden Türckischen Keysers sultan Machomet genandt (Text)</subfield>
      <subfield code="1">https://id.oclc.org/worldcat/entity/E39PCGtKGXDGCYdVgFcJHHCGBK</subfield>
      <subfield code="4">https://id.oclc.org/worldcat/ontology/hasWork</subfield>
    </datafield>
    <datafield tag="936" ind1=" " ind2=" ">
      <subfield code="a">BATCHLOAD</subfield>
    </datafield>
  </record>